000
00232nam a22001217a 4500
082
_a
821
_b
DAR/P
100
_a
DARUWALLA, KEKI N
245
_a
POETRY MAGIC
260
_b
RATNA SAGAR
300
_a
72
650
_a
POETRY
942
_c
BK
999
_c
3894
_d
3894